List of the works of native and foreign line-engravers in England (Record no. 2357)
[ view plain ]
| 000 -CABECERA | |
|---|---|
| campo de control de longitud fija | 00851nam a2200229 a 4500 |
| 001 - NÚMERO DE CONTROL | |
| campo de control | BRCA_2617 |
| 005 - FECHA Y HORA DE LA ÚLTIMA TRANSACCIÓN | |
| campo de control | 20190320203907.0 |
| 008 - DATOS DE LONGITUD FIJA--INFORMACIÓN GENERAL | |
| campo de control de longitud fija | 281108s1913----enka---###---#000-0#eng-# |
| 050 #4 - SIGNATURA TOPOGRÁFICA DE LA BIBLIOTECA DEL CONGRESO | |
| Número de clasificación | NE628 |
| Número de documento/Ítem | .H56 1913 |
| 100 1# - ENTRADA PRINCIPAL--NOMBRE DE PERSONA | |
| Nombre de persona | Hind, Arthur Mayger |
| 9 (RLIN) | 7463 |
| 245 10 - MENCIÓN DE TÍTULO | |
| Título | List of the works of native and foreign line-engravers in England |
| Resto del título | from Henry VIII to the Commonwealth |
| Mención de responsabilidad, etc. | by A.M. Hind. |
| 260 ## - PUBLICACIÓN, DISTRIBUCIÓN, ETC. | |
| Lugar de publicación, distribución, etc. | London |
| Nombre del editor, distribuidor, etc. | Chiswick |
| Fecha de publicación, distribución, etc. | 1913 |
| 300 ## - DESCRIPCIÓN FÍSICA | |
| Extensión | 127 p. |
| Otras características físicas | il. |
| Dimensiones | 29 cm. |
| 500 ## - NOTA GENERAL | |
| Nota general | Department of Prints and Drawings, British Museum Reimpresion de: Early engravers and engraving in England por Sidney Colvin. 1905 |
| 500 ## - NOTA GENERAL | |
| Nota general | A87 |
| 650 14 - PUNTO DE ACCESO ADICIONAL DE MATERIA--TÉRMINO DE MATERIA | |
| Término de materia o nombre geográfico como elemento de entrada | Grabadores |
| 9 (RLIN) | 7352 |
| 650 14 - PUNTO DE ACCESO ADICIONAL DE MATERIA--TÉRMINO DE MATERIA | |
| Término de materia o nombre geográfico como elemento de entrada | Grabados |
| Subdivisión geográfica | Inglaterra |
| 9 (RLIN) | 7396 |
| 650 14 - PUNTO DE ACCESO ADICIONAL DE MATERIA--TÉRMINO DE MATERIA | |
| Término de materia o nombre geográfico como elemento de entrada | Galerias y Museos |
| Subdivisión geográfica | Inglaterra |
| 9 (RLIN) | 7464 |
| 710 2# - PUNTO DE ACCESO ADICIONAL--NOMBRE DE ENTIDAD CORPORATIVA | |
| Nombre de entidad corporativa o nombre de jurisdicción como elemento de entrada | British Museum |
| Unidad subordinada | Department of Prints and Drawings |
| 9 (RLIN) | 7465 |
| 902 ## - CATALOGADOR | |
| Iniciales | GFM |
| 942 ## - ELEMENTOS DE PUNTO DE ACCESO ADICIONAL (KOHA) | |
| Fuente del sistema de clasificación o colocación | Library of Congress Classification |
| Tipo de ítem Koha | Libros |
| Estado de retiro | Estado de pérdida | Estado dañado | No para préstamo | Localización permanente | Ubicación/localización actual | Fecha de adquisición | Número de inventario | Total de préstamos | Signatura topográfica completa | Código de barras | Fecha visto por última vez | Precio válido a partir de | Tipo de ítem Koha |
|---|---|---|---|---|---|---|---|---|---|---|---|---|---|
| El ejemplar forma parte de la colección y puede ser consultado según las políticas vigentes. | Biblioteca del Museo Franz Mayer (Rogerio Casas-Alatriste) | Biblioteca del Museo Franz Mayer (Rogerio Casas-Alatriste) | 28/11/2008 | A87 | NE628 .H56 1913 (A87) | 2614 | 22/03/2019 | 22/03/2019 | Libros |